Antonio Varas de la Barra, 1817-1886: cartas, documentos y testimonios
שמור ב:
| מחבר ראשי: | |
|---|---|
| פורמט: | ספר |
| שפה: | ספרדית |
| יצא לאור: |
Santiago, Chile.
Fundación Manuel Montt,
2019
|
| סדרה: | Colección Pensamiento Republicano
|
| נושאים: | |
| תגים: |
הוספת תג
אין תגיות, היה/י הראשונ/ה לתייג את הרשומה!
|
MARC
| LEADER | 00000cam a2200000 a 4500 | ||
|---|---|---|---|
| 001 | UCB0012 | ||
| 003 | CL-VaPUC | ||
| 005 | 20220331092617.0 | ||
| 008 | 191206e20190000cl spa d | ||
| 020 | |a 9789569218286 | ||
| 040 | |c Pontificia Universidad Católica de Valparaíso | ||
| 082 | 0 | 4 | |a 324.283 ARE 2019 |2 21 |
| 100 | |a Arenas Hödar, Gonzalo, |d 1972- |9 604772 | ||
| 245 | 1 | 0 | |a Antonio Varas de la Barra, 1817-1886: cartas, documentos y testimonios |
| 260 | |a Santiago, Chile. |b Fundación Manuel Montt, |c 2019 | ||
| 300 | |a 448 páginas | ||
| 490 | 0 | |a Colección Pensamiento Republicano | |
| 583 | |a last modification |c 20191206 10:52:00 |k Rodrigo Vera | ||
| 650 | 0 | 0 | |a Políticos chilenos |2 CL-VaPUC |9 531362 |
| 650 | 0 | 0 | |a Correspondencia |9 258963 |
| 650 | 0 | 0 | |a Historia política |2 CL-VaPUC |9 256974 |y Siglo 19 |
| 942 | |c BK |2 ddc | ||
| 945 | |a cmena |d 20191206 10:52:00 | ||
| 999 | |c 376267 |d 376265 | ||
| 952 | |0 0 |1 0 |2 ddc |3 erb |4 0 |6 324_283000000000000_ARE_2019 |7 0 |8 A |9 495624 |a BIBHIS |b BIBHIS |d 2019-12-02 |e 80 |g 20550.00 |i 5566703 |o 324.283 ARE 2019 |p 5566703 |r 2025-01-20 |t 1 |w 2020-01-06 |y BK |z Catalogado en:20191206 |k HIS | ||